Регионална библиотека "Любен Каравелов" - Русе

Сису (Запис номер 326806)

MARC детайли
000 -Лидер
Лидер 01466nam a22002657a 4500
003 - Код на организацията, давaща контролен номер
Код на организацията, даваща контролен номер BLK
005 - Дата и час на последна редакция
Дата и час на последна редакция 20240704112705.0
008 - Елементи от данни с фиксирана дължина
Елементи с фиксирана дължина 181127b bu ||||| |||| 00| 0 bu d
040 ## - Източник на каталожния запис
Код на библиотеката BLK
041 ## - Код за език
Език Български
Език за КДБФ Български
080 ## - УДК
УДК текст Природа на морала. Етични фактори
УДК код 17.02
УДК – код + определител 17.02
080 ## - УДК
УДК текст Особености на духовния живот. Съзнание. Духовно развитие на човека. Диференциална психология. Генетична психология. Еволюционна психология
УДК код 159.922
УДК – код + определител 159.922
100 ## - Редна дума - Автор
Автор Панцар, Катя
R(LIN) 1299
245 ## - Сведения за заглавието
Заглавие Сису
Подзаглавни данни Финланският начен за постигане на щастие, хармония, жизненост и благополучие
Авторска отговорност Катя Панцар ; прев. Даня Доганова
260 ## - Област на издателските данни
Място на издаване [София]
Име на издателя SkyPrint
Година на издаване 2018
Печатница София : Кушовалиев
9 (RLIN) 211108
300 ## - Физическа характеристика
Брой страници 214 с.
Размер 21 см
380 ## - Жанр
Жанр Философия
500 ## - Общи забележки
Обща забележка Ориг. загл.: Finding sisu / Katja Pantzar
650 #7 - Допълнително описание по предмет – тема
9 (RLIN) 177946
Предметна рубрика Щастие - психологически аспекти
650 #0 - Допълнително описание по предмет – тема
9 (RLIN) 274993
Предметна рубрика Духовни състояния и процеси
700 ## - Други автори (авторска отговорност)
Друг автор Доганова, Даня Борисова
Дати, свързани с автора 1956 -
9 (RLIN) 305336
942 ## - АРТИКУЛИ
Вид на библиотечния документ Книги
Скрит в OPAC Не
Koha issues (borrowed), all copies 14
944 ## - СЪЗДАВАНЕ И РЕДАКЦИЯ на ЗАПИСА
Създаване/Редакция Редакция
Дата на регистрацията/редакция 2023-07-18
Служител, извършил регистрацията/редакцията 30560
Номер на служител Геновева Генчева
999 ## - СИСТЕМНИ КОНТРОЛНИ НОМЕРА
Koha biblionumber 326806
Koha biblioitemnumber 326806
Наличности
Код за отписване Код за изгубен артикул Източник на класификационната схема Код за повреда Коз за рестрикции Код за отдаване Артикулен № Име на библиотеката - собственик Име на библиотеката, в която се намира в момента Статус (Текущо местоположение) Дата на вписване в системата Местоположение - отдел Цена в лева Инвентарен номер Систематично азбучна сигнатура Баркод Цена в евро Служебен тип на артикула
  Не е изгубен Universal Decimal Classification Не е повреден без рестрикции заемане за дома 683763 Регионална библиотека "Любен Каравелов" Русе Регионална библиотека "Любен Каравелов" Русе Заемна - подръчен фонд 2018-12-03 Заемна - подръчен фонд 11.21 120000826373 17/П 19 К 120000826373 5.73 Книги
Vip Innovations Ltd, Rousse, Bulgaria 2025